Kerala, Yenan of India (Record no. 518604)

MARC details
000 -LEADER
fixed length control field 00758nam a2200241Ia 4500
003 - CONTROL NUMBER IDENTIFIER
control field OSt
005 - DATE AND TIME OF LATEST TRANSACTION
control field 20220925191452.0
008 - FIXED-LENGTH DATA ELEMENTS--GENERAL INFORMATION
fixed length control field 220923b |||||||| |||| 00| 0 eng d
037 ## - SOURCE OF ACQUISITION
Terms of availability General Book
040 ## - CATALOGING SOURCE
Original cataloging agency RTL
Transcribing agency RTL
Language of cataloging eng
041 ## - LANGUAGE CODE
Source of code eng
Language code of text/sound track or separate title eng
100 ## - MAIN ENTRY--PERSONAL NAME
Personal name Fic Victor M
9 (RLIN) 101478
245 #0 - TITLE STATEMENT
Title Kerala, Yenan of India
Remainder of title Rise of communist power, 1
260 ## - PUBLICATION, DISTRIBUTION, ETC.
Place of publication, distribution, etc. Bombay
Name of publisher, distributor, etc. Nachiketa Publications
Date of publication, distribution, etc. 1970
300 ## - PHYSICAL DESCRIPTION
Extent xiii,555p
Dimensions cm.
500 ## - GENERAL NOTE
General note Bibliography: p 543-548; Appendix: p 465-542
650 ## - SUBJECT ADDED ENTRY--TOPICAL TERM
Topical term or geographic name entry element History Tamil Nadu
9 (RLIN) 235554
942 ## - ADDED ENTRY ELEMENTS (KOHA)
Classification part V212,4N21.N69<------N37, L0
Koha item type General Books
Source of classification or shelving scheme Colon Classification (CC)

No items available.

Copyright @ Delhi University Library System